Turbulance ahead? (Record no. 69213)

MARC details
000 -LEADER
fixed length control field 01256cam a2200265 4500
001 - CONTROL NUMBER
control field ABS64900
008 - FIXED-LENGTH DATA ELEMENTS--GENERAL INFORMATION
fixed length control field 020108n2001 000 0 eng u
035 ## - SYSTEM CONTROL NUMBER
System control number (Sirsi) u116186
100 ## - MAIN ENTRY--PERSONAL NAME
Personal name Bishop, S.
245 ## - TITLE STATEMENT
Title Turbulance ahead?
260 ## - PUBLICATION, DISTRIBUTION, ETC.
Date of publication, distribution, etc. 2001
490 ## - SERIES STATEMENT
Series statement Town & Country Planning
Volume/sequential designation 70(12) December 2001, 325(2)
520 ## - SUMMARY, ETC.
Summary, etc. Examines airport policy now that Heathrow terminal 5 has finally been approved. Notes that after a downturn in the short term, consumer confidence should return in time for 2007 when the new terminal is finished. An aviation white paper is expected towards the end of 2002 and its aim is to set a sustainable level of airport capacity for the next 30 years. Also vital is the need to target noise, air pollution and greenhouse gases. Considers how the planning system could set environmental capacity limits to bring these problems under control.
590 ## - LOCAL NOTE (RLIN)
Local note ABS
650 ## - SUBJECT ADDED ENTRY--TOPICAL TERM
Topical term or geographic name entry element HEATHROW TERMINAL 5
650 ## - SUBJECT ADDED ENTRY--TOPICAL TERM
Topical term or geographic name entry element PUBLIC ENQUIRIES
650 ## - SUBJECT ADDED ENTRY--TOPICAL TERM
Topical term or geographic name entry element PLANNING SYSTEM
650 ## - SUBJECT ADDED ENTRY--TOPICAL TERM
Topical term or geographic name entry element PLANNING APPLICATIONS
650 ## - SUBJECT ADDED ENTRY--TOPICAL TERM
Topical term or geographic name entry element ENVIRONMENTAL PROBLEMS
650 ## - SUBJECT ADDED ENTRY--TOPICAL TERM
Topical term or geographic name entry element AIRCRAFT NOISE
650 ## - SUBJECT ADDED ENTRY--TOPICAL TERM
Topical term or geographic name entry element AIRPORTS
650 ## - SUBJECT ADDED ENTRY--TOPICAL TERM
Topical term or geographic name entry element LOCAL COMMUNITY
690 ## - LOCAL SUBJECT ADDED ENTRY--TOPICAL TERM (OCLC, RLIN)
Topical term or geographic name as entry element ENVIRONMENTAL AND LAND CONSULTANCY-ENVIRONMENTAL MANAGEMENT
942 ## - ADDED ENTRY ELEMENTS (KOHA)
Suppress in OPAC 0
Holdings
Withdrawn status Lost status Source of classification or shelving scheme Damaged status Not for loan Home library Current library Shelving location Date acquired Total Checkouts Full call number Barcode Date last seen Copy number Price effective from Koha item type
    Dewey Decimal Classification     London London Journal article 08/01/2002   ABS64900 116186-1001 06/08/2019 1 06/08/2019 Journal article